| 000 | 01269nam a2200277Ia 4500 | ||
|---|---|---|---|
| 999 |
_c49622 _d49622 |
||
| 001 | 16554 | ||
| 003 | GE_BSU | ||
| 005 | 20200228164113.0 | ||
| 008 | 181216s2014ge xx |||||||||||||| ||geo|| | ||
| 020 | _a978-9941-9275-9-1 | ||
| 040 | _cGE_BSU | ||
| 041 | _ageo | ||
| 080 | _a003.074+37.016:811.353.1 ა-40 | ||
| 245 |
_aაკადემიური წერა : _bსახელმძღვანელო / _cმაია კიკვაძე ; ნანა ცეცხლაძე ; ნათელა ფარტენაძე ; [და სხვ ] ; რედ. მამია ფაღავა. |
||
| 250 | _aმე-4 გადამუშავებული გამოცემა | ||
| 264 |
_aთბილისი : _bივერიონი, _c2014. |
||
| 300 |
_a168 გვ. ; _c 29 სმ. |
||
| 504 | _aბიბლიოგრ.: გვ. 165 | ||
| 541 | _h12ლ. | ||
| 653 | _aაკადემიური წერა | ||
| 700 |
_aკიკვაძე, მაია _92148 |
||
| 700 |
_aცეცხლაძე, ნანა _94739 |
||
| 700 |
_aფარტენაძე, ნათელა _94740 |
||
| 700 |
_a ფაღავა, მამია _eრედქატორი _97654 |
||
| 942 |
_cBK _2udc |
||